00655nam a2200157Ia 4500008004100000100002700041245010200068245008600170260005300256260000900309300001100318650001500329856006100344999001900405952007300424170221s9999 xx 000 0 und d aValentin Y. Lyubashits aSocio-economic and Public-power Aspects of the State and Society Relations in Modernizing Russia  cValentin Y. Lyubashits, Alexey Y. Mamychev, Maria V. Vronskaya, Alla A. Timofeeva bInternational Review of Management and Marketing c2016 a6 : 6S xMarketing. uhttp://www.econjournals.com/index.php/irmm/issue/view/86 c308476d308476 001040aCLbCLd2017-02-21l0r2017-02-21 00:00:00w2017-02-21yFOJ